Revmatologie v klinických scénářích /
Uložené v:
| Hlavní autori: | , |
|---|---|
| Médium: | Kniha |
| Jazyk: | Czech |
| Vydané: |
Praha :
Maxdorf,
[2022].
|
| Vydanie: | 2., přepracované a doplněné vydání |
| Edícia: | Jessenius (Maxdorf)
Medica (Maxdorf) |
| Témy: | |
| ISBN: |
9788073457389 |
| Fyzický popis: |
327 strán : fotografie, ilustrácie, tabuľky ; 24 cm. |
| Tagy: |
Pridať tag
Žiadne tagy, Buďte prvý kto otaguje tento záznam!
|
Titul je dostupný aj v ... 

MARC
| LEADER | 00000nam a2200000 i 4500 | ||
|---|---|---|---|
| 001 | 000685721 | ||
| 005 | 20221027113336.0 | ||
| 008 | 220921s2022 xr alo e n 001 0 cze d | ||
| 020 | |a 9788073457389 |q (viazané) | ||
| 040 | |a SVKKK |b slo |c SVKKK |e rda | ||
| 041 | 0 | |a cze |b cze |b eng | |
| 044 | |a xr |c CZ | ||
| 072 | 7 | |a 616 |x Patológia. Klinická medicína |2 konspekt | |
| 080 | |a 616-002.77 |2 2011 | ||
| 080 | |a 616-07 |2 2011 | ||
| 080 | |a 616-08 |2 2011 | ||
| 080 | |a 616 |2 2011 | ||
| 080 | |a 616.1/.9-052-07/-08 |2 2011 | ||
| 080 | |a (048.8:082) |2 2011 | ||
| 100 | 1 | |a Závada, Jakub |4 aut | |
| 245 | 1 | 0 | |a Revmatologie v klinických scénářích / |c Jakub Závada, Heřmann Mann a kolektiv. |
| 250 | |a 2., přepracované a doplněné vydání | ||
| 264 | 1 | |a Praha : |b Maxdorf, |c [2022]. | |
| 264 | 4 | |c ©2022 | |
| 300 | |a 327 strán : |b fotografie, ilustrácie, tabuľky ; |c 24 cm. | ||
| 336 | |a text |b txt |2 rdacontent | ||
| 337 | |a bez média |b n |2 rdamedia | ||
| 338 | |a zväzok |b nc |2 rdacarrier | ||
| 490 | 1 | |a Jessenius | |
| 490 | 1 | |a Medica | |
| 500 | |a Obsahuje zoznam skratiek | ||
| 504 | |a Obsahuje register | ||
| 521 | 4 | |a Určené odbornej zdravotníckej verejnosti | |
| 546 | |a České a anglické resumé | ||
| 650 | 0 | 7 | |a reumatológia |2 SVKKKPH |
| 650 | 0 | 7 | |a reumatické choroby |2 SVKKKPH |
| 650 | 0 | 7 | |a diagnostika (medicína) |2 SVKKKPH |
| 650 | 0 | 7 | |a terapia |2 SVKKKPH |
| 650 | 0 | 7 | |a klinické lékárstvo |2 SVKKKPH |
| 650 | 0 | 7 | |a kazuistiky (lekárstvo) |2 SVKKKPH |
| 650 | 0 | 7 | |a rheumatology |2 SVKKKPHeng |
| 650 | 0 | 7 | |a rheumatic diseases |2 SVKKKPHeng |
| 650 | 0 | 7 | |a medical diagnostics |2 SVKKKPHeng |
| 650 | 0 | 7 | |a therapy |2 SVKKKPHeng |
| 650 | 0 | 7 | |a clinical medicine |2 SVKKKPHeng |
| 650 | 0 | 7 | |a casuistry (medicine) |2 SVKKKPHeng |
| 655 | 7 | |a kolektivne monografie |2 SVKKKPH | |
| 655 | 7 | |a collective monographs |2 SVKKKPHeng | |
| 700 | 1 | |a Mann, Heřman, |d 1973- |4 aut | |
| 830 | 0 | |a Jessenius (Maxdorf) | |
| 830 | 0 | |a Medica (Maxdorf) | |
| 910 | |a svkkk | ||
| 919 | |a 978-80-7345-738-9 | ||
| 998 | |a BK | ||
| 090 | |g SCKHL |k Sklad Hlavná 10 prízemie |a IV.243839 |j 1119826 |i 2720914961 |s Absenčne | ||